000 00933nam a2200301 a 4500
001 69155
003 BD-RjUL
005 20211209081844.0
008 17 s2000 maua 001 0 eng d
020 _a063203517X
035 _a(BD-RjUL)
040 _aDLC
_cDLC
_dDLC
_d(BD-RjUL)
_beng
041 _aeng
082 0 0 _a571.1
_223
_bWIE 2000
100 1 _aWillmer, Pat,
_d1953-
_9204883
245 1 0 _aEnvironmental physiology of animals /
_cPat Willmer, Graham Stone, Ian Johnston.
260 _aMalden, MA :
_bBlackwell Science,
_cc2000.
300 _ax, 644 p. :
_bill. ;
_c28 cm.
500 _aIncludes Index
504 _aIncludes bibliographical references and index.
650 0 _aAdaptation (Physiology)
_9204884
650 0 _aPhysiology, Comparative.
_9204885
650 0 _aEcophysiology.
_9204886
700 1 _aStone, G.
_9204887
700 1 _aJohnston, Ian A.
_9204888
942 _2ddc
_cBK
999 _c69155
_d69155